Las mejores historias sobre perros / (Record no. 91981)

MARC details
000 -LEADER
campo de control de longitud fija 01155nam a2200277 i 4500
001 - NÚMERO DE CONTROL
campo de control 91981
003 - IDENTIFICADOR DE NÚMERO DE CONTROL
campo de control ES-MaACL
005 - FECHA Y HORA DE LA ÚLTIMA TRANSACCIÓN
campo de control 20250825062630.0
007 - CAMPO FIJO DE DESCRIPCIÓN FÍSICA--INFORMACIÓN GENERAL
campo de control de longitud fija t|
008 - DATOS DE LONGITUD FIJA--INFORMACIÓN GENERAL
campo de control de longitud fija 050311s1997 sp ||||1| spa d
020 ## - NÚMERO INTERNACIONAL ESTÁNDAR DEL LIBRO
Número Internacional Estándar del Libro 978-84-7844-373-4
080 ## - NÚMERO DE LA CLASIFICACIÓN DECIMAL UNIVERSAL
Número de la Clasificación Decimal Universal 087.5:82-34(082.2)
245 04 - MENCIÓN DEL TÍTULO
Título Las mejores historias sobre perros /
Mención de responsabilidad, etc. según Gerald Durrell ; traducción de Javier Alfaya.
260 ## - PUBLICACIÓN, DISTRIBUCIÓN, ETC.
Lugar de publicación, distribución, etc. Madrid :
Nombre del editor, distribuidor, etc. Siruela,
Fecha de publicación, distribución, etc. [1997]
300 ## - DESCRIPCIÓN FÍSICA
Extensión 234 p. ;
Dimensiones 29 cm.
490 1# - MENCIÓN DE SERIE
Mención de serie Las tres edades ;
Designación de volumen o secuencia 56
505 8# - NOTA DE CONTENIDO CON FORMATO
Nota de contenido con formato Contiene 16 relatos de: Eric Parker, Sir Hugh Walpole, Jack London, Sir Arthur Bryant, Rudyard Kipling, P.G. Wodehouse, Joyce Stranger, James Douglas, Jerome K. Jerome, Albert Payson Terhune, Cecil Aldin, W.H. Hudson, Alexander Woollcott, G.K. Chesterton, Jilly Cooper y Virginia Woolf
650 14 - PUNTO DE ACCESO ADICIONAL DE MATERIA--TÉRMINO DE MATERIA
Término de materia o nombre geográfico como elemento de entrada Cuentos-
Subdivisión de forma Libros infantiles.
9 (RLIN) 11478
650 #4 - PUNTO DE ACCESO ADICIONAL DE MATERIA--TÉRMINO DE MATERIA
Término de materia o nombre geográfico como elemento de entrada Perros-
Subdivisión general En la literatura.
9 (RLIN) 173749
655 #7 - TERMINO DE INDIZACIÓN--GENERO/FORMA
Datos o término principal de género/forma Libros infantiles
Fuente del término tgfbne
9 (RLIN) 226786
700 1# - ENTRADA AGREGADA--NOMBRE PERSONAL
Nombre de persona Alfaya, Javier,
Fechas asociadas al nombre 1939-2018
9 (RLIN) 19827
700 1# - ENTRADA AGREGADA--NOMBRE PERSONAL
Nombre de persona Durrell, Gerald (
Fechas asociadas al nombre 1925-1995)
9 (RLIN) 46320
830 1# - PUNTO DE ACCESO ADICIONAL DE SERIE-TÍTULO UNIFORME
Título uniforme Las tres edades ;
Designación de volumen o secuencia 56
9 (RLIN) 178625
852 4# - LOCALIZACIÓN
Ubicación ES-MaACL
Número de control de estantería E-10803
Holdings
Estatus retirado Estado de pérdida Estado de daño No para préstamo Biblioteca de origen Biblioteca actual Ubicación en estantería Fecha de adquisición Fuente de adquisición Total de préstamos Signatura topográfica completa Código de barras Visto por última vez Precio de reemplazo Tipo de ítem Koha
        Biblioteca del Ateneo de Madrid Biblioteca del Ateneo de Madrid Depósito 2 17/01/2008     E-10803 1096040 23/02/2023 23/02/2023 Libro impreso